000
00299nam a2200121Ia 4500
005
20251222144825.0
008
251222s9999||||xx |||||||||||||| ||spa||
020
_a
84-313-0816-8
082
_a
265.2/U61
245
0
_a
Reconciliación y penitencia:
264
_b
Universidad de Navarra
942
_c
LIB
999
_c
20640
_d
20640